Laboratorio de docencia II : (Record no. 33799)
[ view plain ]
| 000 -CABECERA | |
|---|---|
| campo de control de longitud fija | 00672nam a2200181 a 4500 |
| 005 - FECHA Y HORA DE LA ÚLTIMA TRANSACCIÓN | |
| campo de control | 20210223122336.0 |
| 008 - ELEMENTOS DE LONGITUD FIJA--INFORMACIÓN GENERAL | |
| campo de control de longitud fija | 991125s1987 mx 000 0 spa u |
| 035 ## - NÚMERO DE CONTROL DEL SISTEMA | |
| Número de control de sistema | UPN01000033799 |
| 049 ## - COLECCIÓN | |
| Colección | SEP |
| 050 #4 - SIGNATURA TOPOGRÁFICA DE LA BIBLIOTECA DEL CONGRESO | |
| Número de clasificación | L227 D45 |
| Número de documento/Ítem | B2.5926 |
| 110 1# - ASIENTO PRINCIPAL--NOMBRE CORPORATIVO | |
| Nombre de entidad corporativa o nombre de jurisdicción como elemento de entrada | México. |
| Unidad subordinada | Dirección General de Educación Normal |
| 9 (RLIN) | 28127 |
| 245 10 - MENCIÓN DE TÍTULO | |
| Título | Laboratorio de docencia II : |
| Resto del título | ceguera y debilidad visual : quinto semestre/ |
| Mención de responsabilidad, etc. | Dirección General de Educación Normal. |
| 260 ## - PUBLICACIÓN, DISTRIBUCIÓN, ETC. | |
| Lugar de publicación, distribución, etc. | México : |
| Nombre del editor, distribuidor, etc. | SEP, Dirección General de Educación Normal, |
| Fecha de publicación, distribución, etc. | 1987. |
| 300 ## - DESCRIPCIÓN FÍSICA | |
| Extensión | 47 h. |
| 650 #4 - ASIENTO SECUNDARIO DE MATERIA - TERMINO TEMATICO | |
| Término de materia o nombre geográfico como elemento de entrada | CIEGOS - |
| Subdivisión general | EDUCACION - |
| Subdivisión de forma | PLANES Y PROGRAMAS |
| 9 (RLIN) | 9644 |
| 650 #4 - ASIENTO SECUNDARIO DE MATERIA - TERMINO TEMATICO | |
| Término de materia o nombre geográfico como elemento de entrada | PROGRAMAS DE EDUCACION ESPECIAL |
| 9 (RLIN) | 13800 |
| 905 ## - TIPO DE MATERIAL | |
| Tipo de material | Libro |
No items available.
